| 000 | 01322cam a22002533a 4500 | ||
|---|---|---|---|
| 082 |
_a953.8 _bTHO _cD |
||
| 245 | 0 | 4 | _aThe last of the crusaders. |
| 260 | _c[1920]. | ||
| 300 | _a1 v. (theater program). | ||
| 500 | _aShubert-Garrick Theatre [Washington, D.C.], commencing Sunday evening, Feb. 15, [1920], evenings at 8:30, matinees at 2:30. | ||
| 500 | _aTitle devised by Library staff. | ||
| 505 | 0 | _aProgram: Part I. With Allenby in Palestine -- Interval of ten minutes -- Part II. With Lawrence in Arabia. | |
| 520 | _aThe Shubert-Garrick Theatre program. Percy Burton presents Lowell Thomas with "The Last of the Crusaders" in Palestine & Arabia. The motion pictures used in this travelogue were taken by Mr. Harry A. Chase and Captain Frank Hurley, still photogaphs by Mr. Chase, art work by Miss August A. Heyder, projection by Mr. Chase. | ||
| 526 |
_a0 _b0 _c0 _d953_800000000000000_THO |
||
| 650 | 0 |
_aMCE _9379 |
|
| 650 | 0 |
_aWorld War, 1914-1918 _zArab countries. _949764 |
|
| 700 | 1 |
_aBurton, Percy, _949765 |
|
| 700 | 1 |
_aChase, H. A. _949766 |
|
| 700 | 1 |
_aHurley, Frank, _949767 |
|
| 700 | 1 |
_aThomas, Lowell, _949768 |
|
| 710 | 2 |
_aShubert-Garrick Theatre (Organization : Washington, D.C.) _949769 |
|
| 710 | 2 |
_aTheater Playbills and Programs Collection (Library of Congress) _949770 |
|
| 942 |
_2ddc _cBK |
||
| 999 |
_c552536 _d552536 |
||